Jinnah : (Record no. 180774)
[ view plain ]
| 000 -LEADER | |
|---|---|
| fixed length control field | 01139 a2200265 4500 |
| 003 - CONTROL NUMBER IDENTIFIER | |
| control field | Nust |
| 005 - DATE AND TIME OF LATEST TRANSACTION | |
| control field | 20230206120351.0 |
| 010 ## - LIBRARY OF CONGRESS CONTROL NUMBER | |
| LC control number | 2009346727 |
| 020 ## - INTERNATIONAL STANDARD BOOK NUMBER | |
| International Standard Book Number | 8129113783 |
| 020 ## - INTERNATIONAL STANDARD BOOK NUMBER | |
| International Standard Book Number | 9788129113788 |
| 035 ## - SYSTEM CONTROL NUMBER | |
| System control number | (OCoLC)432588564 |
| 035 ## - SYSTEM CONTROL NUMBER | |
| System control number | (OCoLC)ocn432588564 |
| 040 ## - CATALOGING SOURCE | |
| Transcribing agency | Nust |
| 082 04 - DEWEY DECIMAL CLASSIFICATION NUMBER | |
| Classification number | 954.9092,SIN |
| 100 1# - MAIN ENTRY--PERSONAL NAME | |
| Personal name | Singh, Jaswant, |
| 9 (RLIN) | 45914 |
| 245 10 - TITLE STATEMENT | |
| Title | Jinnah : |
| Remainder of title | India, partition, independence / |
| Statement of responsibility, etc. | Jaswant Singh. |
| 260 ## - PUBLICATION, DISTRIBUTION, ETC. | |
| Place of publication, distribution, etc. | New Delhi : |
| Name of publisher, distributor, etc. | Rupa & Co., |
| Date of publication, distribution, etc. | 2009. |
| 300 ## - PHYSICAL DESCRIPTION | |
| Extent | xvi, 669 p. : |
| Other physical details | ill., maps ; |
| Dimensions | 24 cm. |
| 505 ## - FORMATTED CONTENTS NOTE | |
| Formatted contents note | Introduction (Page-1), India and Islam (Page-12), Jenabhai to Jinnah (Page-59), The Turbulent Twenties (Page-114), Sharpening Fous (Page-151), A Short Decade (Page-207), Sunset of the Empire (Page-275), A War of Succession (Page-332), Stymied Negotiations (Page-394), Mounabatten Vicceroyalty (Page-428), Pakistan Birth Independence (Page-467), In Retrospect (Page-477). |
| 600 10 - SUBJECT ADDED ENTRY--PERSONAL NAME | |
| Personal name | Jinnah, Mahomed Ali, |
| Dates associated with a name | 1876-1948. |
| 650 #0 - SUBJECT ADDED ENTRY--TOPICAL TERM | |
| Topical term or geographic name entry element | Statesmen |
| Geographic subdivision | Pakistan |
| 9 (RLIN) | 108652 |
| 651 #0 - SUBJECT ADDED ENTRY--GEOGRAPHIC NAME | |
| Geographic name | India |
| General subdivision | History |
| Chronological subdivision | Partition, 1947. |
| 9 (RLIN) | 204 |
| 651 #0 - SUBJECT ADDED ENTRY--GEOGRAPHIC NAME | |
| Geographic name | India |
| General subdivision | Politics and government |
| Chronological subdivision | 1919-1947. |
| 942 ## - ADDED ENTRY ELEMENTS (KOHA) | |
| Source of classification or shelving scheme | |
| Koha item type | Book |
| Withdrawn status | Lost status | Source of classification or shelving scheme | Damaged status | Not for loan | Permanent Location | Current Location | Shelving location | Date acquired | Shelving control number | Full call number | Barcode | Date last seen | Price effective from | Koha item type | Public note |
|---|---|---|---|---|---|---|---|---|---|---|---|---|---|---|---|
| Military College of Signals (MCS) | Military College of Signals (MCS) | General Stacks | 12/12/2016 | Pakistan History | 954.9092,SIN | MCS34566 | 12/08/2016 | 12/12/2016 | Book | Almirah No.62, Shelf No.1 |
